| 000 | 00573nam a2200181Ia 4500 | ||
|---|---|---|---|
| 005 | 20250508151129.0 | ||
| 008 | 008 250505s9999 xx 000 0 hin d | ||
| 037 | _aTextual | ||
| 040 |
_aFEDL _beng _cFEDL |
||
| 041 |
_ahin _2eng |
||
| 084 |
_aB, GAN _qFEDL |
||
| 100 | _aGandhi Mohan Das Karam Chand | ||
| 245 | 0 | _aDakshin Africa ka satya grah: Rajniti ke chetra mein bade pemane per satyagrah ke pehle prayog ka itihas | |
| 260 |
_aNew Delhi, India _bSasta Sahitya Mandal _c1950 |
||
| 300 | _a426p. | ||
| 942 |
_cTEXL _hB, GAN |
||
| 999 |
_c1327772 _d1327772 |
||